|
|
|
|
| LEADER |
00865nab a2200217 i 4500 |
| 001 |
acta68201 |
| 005 |
20230327131928.0 |
| 008 |
200513s2019 hu o 0|| hun d |
| 022 |
|
|
|a 0237-7934
|
| 040 |
|
|
|a SZTE Egyetemi Kiadványok Repozitórium
|b hun
|
| 041 |
|
|
|a hun
|
| 100 |
1 |
|
|a Erős Vilmos
|
| 245 |
1 |
2 |
|a A múlt mint történelem
|h [elektronikus dokumentum] :
|b elmélkedések Stefan Berger könyve és a Writing the Nation sorozat kapcsán /
|c Erős Vilmos
|
| 260 |
|
|
|c 2019
|
| 300 |
|
|
|a 163-172
|
| 490 |
0 |
|
|a Aetas
|v 34 No. 2
|
| 650 |
|
4 |
|a Bölcsészettudományok
|
| 650 |
|
4 |
|a Történettudomány és régészet
|
| 695 |
|
|
|a Történetfilozófia - könyvismertetés, Történetírás - könyvismertetés, Nemzeti tudat - könyvismertetés
|
| 700 |
0 |
1 |
|a Berger Stefan
|
| 856 |
4 |
0 |
|u http://acta.bibl.u-szeged.hu/68201/3/aetas_2019_002_163-172.pdf
|z Dokumentum-elérés
|